Get the Picture: Four Countries Quiz Stats

 Plays Quiz Updated Sep 10, 2019

Score 0/16 Timer 02:30
4 Plays Today
Question Answer Wrong Answers
Famous people born here include Henry Ford, Billie Holiday and Muhammad Ali US
90.8%
UK
2%
Canada
0.6%
Australia
0.6%
Top 20 most populous cities include Fort Worth, Charlotte and Austin US
90.2%
UK
0.8%
Canada
1.1%
Australia
1.7%
Top 20 most populous cities include Sheffield, Bristol, and Leeds UK
89.1%
US
1%
Canada
1.3%
Australia
2.2%
Top 20 most populous cities include Hobart, Townsville and Darwin Australia
86.1%
UK
3.2%
US
1.6%
Canada
2.7%
Famous people born here include Cate Blanchett, Heath Ledger and Hugh Jackman Australia
78.1%
UK
6.8%
US
4.9%
Canada
4%
Famous people born here include Charlie Chaplin, Cary Grant and Laurence Olivier UK
75.9%
US
13.2%
Canada
3.6%
Australia
1.3%
Rivers include Severn, Wye and Mersey UK
74%
US
2.5%
Canada
5.1%
Australia
11.6%
Famous people born here include Ryan Gosling, Shania Twain and Pamela Anderson Canada
73.7%
UK
1.8%
US
15.5%
Australia
2.7%
Mountains include Ben Nevis, Helvellyn and Braeriach UK
64%
US
2.5%
Canada
9.8%
Australia
17.2%
Mountains include Kosciuszko, Rams Head and Hotham Australia
60.6%
UK
8.6%
US
7%
Canada
17.1%
Rivers include Murray, Goulburn and Lachlan Australia
59.6%
UK
17%
US
3.6%
Canada
13.1%
Mountains include Whitney, Elbert and Denali US
58.4%
UK
4.4%
Canada
18.4%
Australia
12.3%
Rivers include Snake, Wabash and Susquehanna US
55.1%
UK
1.5%
Canada
27.5%
Australia
9.7%
Rivers include Mackenzie, Fraser and Liard Canada
52.6%
UK
8%
US
7.4%
Australia
25.3%
Mountains include Robson, Assiniboine and Logan Canada
51%
UK
6.3%
US
9.2%
Australia
26.7%
Top 20 most populous cities include Brampton, Hamilton and Surrey Canada
44.7%
UK
36.5%
US
2.9%
Australia
9.7%

Today's Daily Dose

You're not logged in!

Compare scores with friends on all Sporcle quizzes.
OR
Log In

Sporcle TV

Today on Sporcle TV


Watch our educational content, quiz creation guides, and fun videos on Sporcle TV.

Show Comments

Extras

Top Quizzes Today


Score Distribution

Your Account Isn't Verified!

In order to create a playlist on Sporcle, you need to verify the email address you used during registration. Go to your Sporcle Settings to finish the process.

Report this User

Report this user for behavior that violates our Community Guidelines.

Details: